| 000 | 01181nam a22003258i 4500 | ||
|---|---|---|---|
| 001 | 016507383 | ||
| 003 | OSt | ||
| 005 | 20201128021045.0 | ||
| 008 | 130808t2014 ne a frbd 001 0 eng d | ||
| 020 | _a9780124077263 (pbk.) | ||
| 040 |
_aStDuBDS _beng _cStDuBDS _dEG-ScBUE |
||
| 082 | 0 | 4 |
_a004.22 _222 _bPAT |
| 100 | 1 |
_aPatterson, David A. _935868 |
|
| 245 | 1 | 0 |
_aComputer organization and design : _bthe hardware-software interface / _cDavid A. Patterson, John L. Hennessy ; with contributions by Perry Alexander ... [et al.] |
| 250 | _a5th ed. | ||
| 260 |
_aOxford ; _aWaltham : _bMorgan Kaufmann / Elsevier, _cc.2014. |
||
| 300 |
_a(Various pagings) : _bill. (col.) ; _c24 cm. |
||
| 500 | _aIncludes glossary. | ||
| 500 | _aIncludes index. | ||
| 504 | _aIncludes bibliographical references. | ||
| 650 | 0 |
_aComputer organization _9959 _2BUEsh |
|
| 650 | 7 |
_aSystem design _xData processing. _935869 _2BUEsh |
|
| 650 | 7 |
_a Computer architecture. _92654 _2BUEsh |
|
| 651 | _2BUEsh | ||
| 653 |
_bENGELC _cApril2014 _cMarch2016 |
||
| 655 |
_vReading book _934232 |
||
| 700 | 1 |
_aHennessy, John L. _93702 |
|
| 700 | 1 |
_aAlexander, Perry _935870 |
|
| 942 |
_2ddc _k004.22 PAT |
||
| 999 |
_c18203 _d18175 |
||